A városi ösztöndíjak és az egyetemi pályadíjak

Elmentve itt :
Bibliográfiai részletek
Dokumentumtípus: Cikk
Megjelent: 1930-10-07
Sorozat:Délmagyarország 6 No. 225
Kulcsszavak:Ösztöndíj, Szeged városától
Online Access:http://dmarchiv.bibl.u-szeged.hu/31983
LEADER 00441nab a2200145 i 4500
001 delm31983
005 20180927103423.0
008 180927s1930 hu o 0|| hun d
040 |a SZTE Délmagyarország Archívum  |b hun 
041 |a hun 
245 0 2 |a A városi ösztöndíjak és az egyetemi pályadíjak  |h [elektronikus dokumentum] 
260 |c 1930-10-07 
300 |a 3 
490 0 |a Délmagyarország  |v 6 No. 225 
695 |a Ösztöndíj, Szeged városától